[Event "Pan American-ch School U17 12th"]
[Site "Callao"]
[Date "2023.10.20"]
[Round "8"]
[White "Rumbos Garcia, Alejandro Daniel"]
[Black "Blanco Ramirez, Jhosep Emanuel"]
[Result "1-0"]
[WhiteElo "1947"]
[BlackElo "1840"]
[PlyCount "103"]
[EventDate "2023.10.16"]
[EventType "swiss"]
[EventRounds "9"]
[EventCountry "PER"]
[SourceTitle "Mega2024 Update 01"]
[Source "Chessbase"]
[SourceDate "2023.11.12"]
[SourceVersion "1"]
[SourceVersionDate "2023.11.12"]
[SourceQuality "1"]

1. c4 c6 2. g3 Nf6 3. Bg2 d5 4. Nf3 Bg4 5. Ne5 Be6 6. 0-0 dxc4 7. Qc2 Qd4 8. Nf3 Qb6 9. Na3 h6 10. Nxc4 Bxc4 11. Qxc4 Nbd7 12. d4 e6 13. Bd2 Bd6 14. b4 0-0 15. a4 a6 16. Rab1 Rac8 17. Nh4 Rfd8 18. f4 Bf8 19. Bh1 Qa7 20. a5 Be7 21. e4 Nf8 22. Bc3 Ng4 23. Qe2 Bxh4 24. Qxg4 Bf6 25. e5 Be7 26. f5 Bg5 27. f6 g6 28. Rbd1 Nh7 29. h4 h5 30. Qe2 Bh6 31. g4 hxg4 32. Qxg4 Kh8 33. h5 g5 34. Be4 Rg8 35. Bb1 Nf8 36. b5 c5 37. b6 Qb8 38. d5 Re8 39. dxe6 Rxe6 40. Qf5 Qc8 41. Rd6 g4 42. Rxe6 Qxe6 43. Qxe6 Nxe6 44. Rd1 g3 45. Be4 Rg4 46. Bxb7 Rh4 47. Kg2 Rh2+ 48. Kxg3 Bf4+ 49. Kg4 Rc2 50. Bd5 Rxc3 51. Bxe6 Bxe5 52. Rd8+ 1-0

[Event "Pan American-ch School U17 12th"]
[Site "Callao"]
[Date "2023.10.19"]
[Round "6"]
[White "Blanco Ramirez, Jhosep Emanuel"]
[Black "Bedia Cruz, Alexander Santiago"]
[Result "1-0"]
[WhiteElo "1840"]
[BlackElo "1509"]
[PlyCount "149"]
[EventDate "2023.10.16"]
[EventType "swiss"]
[EventRounds "9"]
[EventCountry "PER"]
[SourceTitle "Mega2024 Update 01"]
[Source "Chessbase"]
[SourceDate "2023.11.12"]
[SourceVersion "1"]
[SourceVersionDate "2023.11.12"]
[SourceQuality "1"]

1. e4 c6 2. d4 d5 3. exd5 cxd5 4. Nf3 Nf6 5. Bd3 Bg4 6. c3 Nc6 7. 0-0 e6 8. Bf4 Bd6 9. Bxd6 Qxd6 10. Nbd2 0-0 11. h3 Bh5 12. Re1 Rfc8 13. Bb5 a6 14. Bxc6 Rxc6 15. Qc1 b5 16. a3 Rac8 17. Ne5 R6c7 18. Nb3 Qb6 19. Nc5 a5 20. Qd2 Bg6 21. f3 Ne8 22. Ra2 Nd6 23. b4 Nc4 24. Nxc4 bxc4 25. Rea1 Rb8 26. Qf4 Ra7 27. Rb2 a4 28. Re1 Re8 29. h4 f6 30. Rbe2 Bf7 31. h5 h6 32. g4 Rae7 33. Qh2 Qc6 34. f4 Qd6 35. Re3 Kh8 36. R1e2 Qc7 37. Kf1 Qd6 38. Ke1 Bg8 39. Kd2 Bh7 40. Qg3 Kg8 41. Kc1 Kf7 42. Kb2 Qc6 43. Qf2 Bd3 44. Re1 Qb5 45. Qd2 Qb8 46. Nxd3 cxd3 47. Rf1 Kg8 48. Qxd3 e5 49. dxe5 Qb7 50. Rfe1 d4 51. cxd4 Qg2+ 52. Qe2 Qd5 53. Rc3 fxe5 54. dxe5 Kh8 55. Rd1 Qf7 56. Qc4 Qf8 57. Rd4 Rb7 58. Qc5 Qf7 59. Qd5 Qe7 60. Qc6 Reb8 61. Qe4 Qh4 62. Rcd3 Qh2+ 63. Rd2 Qh4 64. g5 Rg8 65. Qxb7 Qg3 66. Qd5 hxg5 67. f5 Rc8 68. R4d3 Qe1 69. Rc2 Rxc2+ 70. Kxc2 Qe2+ 71. Kc3 Qe1+ 72. Kc4 g4 73. e6 g3 74. e7 Qxe7 75. Rxg3 1-0

[Event "Pan American-ch School U17 12th"]
[Site "Callao"]
[Date "2023.10.18"]
[Round "5"]
[White "Blanco Ramirez, Jhosep Emanuel"]
[Black "Aviles Portal, Pedro Carlos"]
[Result "0-1"]
[WhiteElo "1840"]
[BlackElo "1608"]
[PlyCount "90"]
[EventDate "2023.10.16"]
[EventType "swiss"]
[EventRounds "9"]
[EventCountry "PER"]
[SourceTitle "Mega2024 Update 01"]
[Source "Chessbase"]
[SourceDate "2023.11.12"]
[SourceVersion "1"]
[SourceVersionDate "2023.11.12"]
[SourceQuality "1"]

1. e4 e6 2. d4 d5 3. Nc3 Nf6 4. Bg5 dxe4 5. Nxe4 Be7 6. Bxf6 Bxf6 7. Nf3 b6 8. c3 Bb7 9. Bd3 Nd7 10. Qe2 0-0 11. 0-0-0 Qe7 12. g4 Bh4 13. Rhg1 f5 14. Ned2 fxg4 15. Rxg4 Bf6 16. Be4 Bd5 17. Re1 Rae8 18. c4 Bxe4 19. Rxe4 e5 20. dxe5 Bg5 21. Nxg5 Qxg5 22. Re3 Nc5 23. f3 Rf7 24. b4 Ne6 25. Re4 Rd8 26. Qe3 Qf5 27. Rd1 Rfd7 28. Rg4 h5 29. Rgg1 Qf4 30. Qxf4 Nxf4 31. e6 Ne2+ 32. Kb1 Rxd2 33. Rxd2 Rxd2 34. e7 Nc3+ 35. Kc1 Re2 36. Rg2 Rxe7 37. a3 Ne2+ 38. Kd1 Nd4 39. f4 Rf7 40. Rg5 Rf5 41. Rg3 Rxf4 42. Kd2 Ne6 43. Kc3 Kf7 44. Rh3 g6 45. b5 Ng5 0-1

[Event "Pan American-ch School U17 12th"]
[Site "Callao"]
[Date "2023.10.17"]
[Round "3"]
[White "Blanco Ramirez, Jhosep Emanuel"]
[Black "Vasquez Alva, Marco Joaquin"]
[Result "1-0"]
[WhiteElo "1840"]
[BlackElo "1116"]
[PlyCount "131"]
[EventDate "2023.10.16"]
[EventType "swiss"]
[EventRounds "9"]
[EventCountry "PER"]
[SourceTitle "Mega2024 Update 01"]
[Source "Chessbase"]
[SourceDate "2023.11.12"]
[SourceVersion "1"]
[SourceVersionDate "2023.11.12"]
[SourceQuality "1"]

1. e4 c5 2. Nf3 Nc6 3. Nc3 g6 4. Bc4 Bg7 5. 0-0 d6 6. a3 Nf6 7. d3 0-0 8. h3 a6 9. Be3 e6 10. e5 Ne8 11. exd6 Bxc3 12. bxc3 Qxd6 13. Re1 b5 14. Ba2 Ng7 15. Qd2 Re8 16. Ng5 f5 17. Bf4 Qe7 18. d4 c4 19. Nf3 Qf8 20. Bh6 Ne7 21. a4 Nd5 22. Reb1 Bd7 23. Ne5 Qd6 24. Bg5 Bc6 25. f3 Nh5 26. Bh6 Re7 27. Re1 Nhf6 28. Kh1 Nd7 29. a5 Nxe5 30. Rxe5 Nf6 31. Bf4 Qd8 32. Qe1 Bd5 33. Bg5 Rf7 34. Re2 Qd6 35. Bc1 Re8 36. Bb1 Nh5 37. Ba3 Qg3 38. Re5 Qxe1+ 39. Rxe1 Nf6 40. Ba2 Nd7 41. Rad1 Bb7 42. Rb1 Bc6 43. Bb4 e5 44. dxe5 Rxe5 45. Rxe5 Nxe5 46. Re1 Nd7 47. Kh2 Kg7 48. Bd6 f4 49. h4 Nf8 50. Bc5 Bd5 51. Bd6 Ne6 52. h5 g5 53. Re5 Bxf3 54. gxf3 Rf6 55. Bb4 Rh6 56. Kg2 Kf6 57. Rd5 Rxh5 58. Rd6 Kf7 59. Rxa6 Ng7 60. Ra7+ Kg6 61. a6 Nf5 62. Bc5 Ng3 63. Rb7 Rh1 64. a7 Rd1 65. a8Q Rd2+ 66. Bf2 1-0

[Event "Pan American-ch School U17 12th"]
[Site "Callao"]
[Date "2023.10.17"]
[Round "4"]
[White "Huallpa Fernandez, Hector Manuel"]
[Black "Blanco Ramirez, Jhosep Emanuel"]
[Result "0-1"]
[WhiteElo "1643"]
[BlackElo "1840"]
[PlyCount "100"]
[EventDate "2023.10.16"]
[EventType "swiss"]
[EventRounds "9"]
[EventCountry "PER"]
[SourceTitle "Mega2024 Update 01"]
[Source "Chessbase"]
[SourceDate "2023.11.12"]
[SourceVersion "1"]
[SourceVersionDate "2023.11.12"]
[SourceQuality "1"]

1. d4 d5 2. c4 c6 3. Nc3 Nf6 4. Nf3 dxc4 5. a4 Bf5 6. Ne5 Nbd7 7. Nxc4 Nb6 8. e3 e6 9. Be2 Nxc4 10. Bxc4 Bd6 11. h3 0-0 12. 0-0 Bc7 13. b3 Re8 14. Ba3 Bg6 15. Bd3 Bh5 16. Be2 Bg6 17. Bd3 e5 18. Bxg6 hxg6 19. dxe5 Bxe5 20. Rc1 Qb6 21. Qc2 Rad8 22. Rfd1 Bxc3 23. Qxc3 Nd5 24. Qc4 a6 25. Bc5 Qc7 26. Bd4 Rd7 27. b4 Red8 28. Bb2 Qb6 29. Qd4 f6 30. Qxb6 Nxb6 31. Rxd7 Rxd7 32. a5 Nc8 33. Bd4 Nd6 34. Bc5 Ne4 35. Bd4 Kf7 36. g3 Nd2 37. Bb6 Rd3 38. Rc2 Nf3+ 39. Kf1 Rb3 40. Bc5 Rb1+ 41. Ke2 Ng1+ 42. Kd3 Nxh3 43. Rd2 Rc1 44. f4 g5 45. Ke4 Kg6 46. f5+ Kh5 47. Rd7 Kg4 48. Rd2 Ng1 49. Bf8 Nf3 50. Rd7 Rc4+ 0-1